书目信息 |
| 题名: |
忍把功名,换了人间烟火
|
|
| 作者: | 杨早 , 庄秋水 , 刘晓蕾 著 | |
| 分册: | ||
| 出版信息: | 成都 四川人民出版社 2025.03 |
|
| 页数: | 268页 | |
| 开本: | 19cm | |
| 丛书名: | ||
| 单 册: | ||
| 中图分类: | I207.419 | |
| 科图分类: | ||
| 主题词: | ||
| 电子资源: | ||
| ISBN: | 978-7-220-13995-6 | |
| 000 | 01013nam0 2200253 450 | |
| 001 | 013150898 | |
| 005 | 20251022110314.66 | |
| 010 | @a978-7-220-13995-6@dCNY49.80 | |
| 100 | @a20250416d2025 em y0chiy0120 ea | |
| 101 | 0 | @achi |
| 102 | @aCN@b510000 | |
| 105 | @aa z 000yy | |
| 106 | @ar | |
| 200 | 1 | @a忍把功名,换了人间烟火@9ren ba gong ming , huan le ren jian yan huo@e18封信聊透《儒林外史》@f杨早,庄秋水,刘晓蕾著 |
| 210 | @a成都@c四川人民出版社@d2025.03 | |
| 215 | @a268页@c图@d19cm | |
| 330 | @a本书以书信的形式讨论《儒林外史》,全书分为“女性”“科举”“朋友”“城市”“家庭”“底色”六部分,收录了“另一位赵姨娘的故事”“《儒林外史》里为何没有‘爱情’?”“合理性和诗性”“科举=高考+考编?”“朋友之道苦矣”等内容。 | |
| 605 | @a《儒林外史》@x小说研究 | |
| 690 | @aI207.419@v5 | |
| 701 | 0 | @a杨早@9yang zao@f(1973-)@4著 |
| 701 | 0 | @a庄秋水@9zhuang qiu shui@f(197?-)@4著 |
| 701 | 0 | @a刘晓蕾@9liu xiao lei@4著 |
| 801 | 0 | @aCN@c20250910 |
| 905 | @a河南城建学院图书馆@dI207.41@eY336@ZY336@f1 | |
| 忍把功名,换了人间烟火:18封信聊透《儒林外史》/杨早,庄秋水,刘晓蕾著.-成都:四川人民出版社,2025.03 |
| 268页:图;19cm |
| ISBN 978-7-220-13995-6:CNY49.80 |
| 本书以书信的形式讨论《儒林外史》,全书分为“女性”“科举”“朋友”“城市”“家庭”“底色”六部分,收录了“另一位赵姨娘的故事”“《儒林外史》里为何没有‘爱情’?”“合理性和诗性”“科举=高考+考编?”“朋友之道苦矣”等内容。 |
| ● |
| 相关链接 |
|
|
|
正题名:忍把功名,换了人间烟火
索取号:I207.41/Y336
 
预约/预借
| 序号 | 登录号 | 条形码 | 馆藏地/架位号 | 状态 | 备注 |
| 1 | 1633651 | 216336515 | 文学库108/108文学库 9排5列5层/ [索取号:I207.41/Y336] | 在馆 |